Rhymes With Brain - Statistics

General Stats
  • This quiz has been taken 413 times
  • The average score is 25 of 30
Answer Stats
Hint Answer % Correct
M Main
97%
P Pain
97%
R Rain
97%
C Crane
94%
D Drain
94%
L Lane
94%
C Cane
92%
G Gain
92%
M Mane
91%
T Train
91%
W Wane
91%
G Grain
90%
V Vain
90%
B Bane
89%
S Sane
88%
S Stain
88%
D Dane
86%
V Vane
86%
V Vein
86%
P Plain
84%
P Pane
82%
S Slain
82%
R Reign
80%
P Plane
79%
C Chain
76%
S Spain
72%
S Strain
70%
F Feign
69%
S Sprain
58%
M Maine
50%
No matching quizzes found
Score Distribution
Percent of People with Each Score
Percentile by Number Answered
Your Score History
You have not taken this quiz